000 00931nas a2200301 4500
001 BR0202290
003 BR-BrBNA
005 20231205102933.0
007 ta
008 230509b bl.|||p| |||| 00| 00por d
040 _aBR-BrBNA
_bpor
_cBiblioteca Nacional de Agricultura
041 _a(Pt)
072 _aL02
100 1 _aVargas, G.D.
100 1 _aBrum, P.A.R. de
100 1 _aFialho, F.B.
100 1 _aRutz, F.
100 1 _aBordini, R.
245 1 _aEfeito da forma física da ração sobre o desempenho de frangos de corte machos
650 _aFRANGO DE CORTE
650 _aPERFORMANCE
650 _aRENDIMENTO
650 _aGANHO DE PESO
773 0 _tRevista Brasileira de Agrociência (Brazil)
_xISSN 0104-8996
_g(Jan-Apr 2001), v. 7(1) p. 42-45
_wBR0202290
856 4 0 _uhttp://www.ufpel.tche.br/faem/agrociencia/v7n1/artigo09.pdf
909 _a202311
_bLúcia
_c55
_dLúcia Elande
942 _2AGRIS
_n0
_cANA
999 _c170165
_d170165